=LDR 00000nam 2200000 4500 =001 INLIS000000000025441 =005 20130612123941 =008 ***********************************Ind** =035 ##$$0010-061300000025441 =041 ##$$a Ind =082 ##$$a 028.5 =090 ##$$a 028.5, Utr p =100 ##$$a Utami, Deniza Saqina =245 ##$$a Seri binatang yang disebut dalam alquran, Paus, Deniza Saqina Utami =260 ##$$a 2006 $b Bandung =300 ##$$a 30 hlm, ilus, 28 cm =650 ##$$a Binatang yang di sebut dalam alquran =850 ##$$a NBPNMAT